A study of some linguistic features of expressions describing the villains in Kiều story and their English translation equivalents
Introduction; Literature review and theoretical background; Methods and procedures...
Tallennettuna:
| Päätekijä: | |
|---|---|
| Muut tekijät: | |
| Aineistotyyppi: | Tuntematon |
| Kieli: | English |
| Julkaistu: |
Đà Nẵng :
The University of Da Nang,
2011.
|
| Aiheet: | |
| Tagit: |
Lisää tagi
Ei tageja, Lisää ensimmäinen tagi!
|
| Thư viện lưu trữ: | Mạng thư viện Đại học Đà Nẵng |
|---|
| LEADER | 03012na a2200409 4500 | ||
|---|---|---|---|
| 001 | 000030654 | ||
| 003 | 4300 | ||
| 005 | 20200930202830.0 | ||
| 008 | 151001s2011 000 eng | ||
| 040 | |a Lnn |c Lnn |d Lnn | ||
| 041 | 0 | |a eng | |
| 082 | 0 | 4 | |a 428.02 |b VO-L |
| 100 | 1 | |a Vo, Thi Bich Lien. | |
| 245 | 1 | 2 | |a A study of some linguistic features of expressions describing the villains in Kiều story and their English translation equivalents |h [Thesis-Luận văn thạc sĩ] / |c Vo Thi Bich Lien ; Luu Quy Khuong hướng dẫn. |
| 260 | |a Đà Nẵng : |b The University of Da Nang, |c 2011. | ||
| 300 | |a 97 p. ; |c 29 cm. + |e 1 Abstract. | ||
| 500 | |a Master thesis in the English language. Field: The English language. Code: 60.22.15. | ||
| 520 | 3 | |a Introduction; Literature review and theoretical background; Methods and procedures... | |
| 630 | 0 | 4 | |a English language. |
| 650 | 0 | 4 | |a English language |x Linguistic. |
| 650 | 0 | 4 | |a English language |x Translation. |
| 650 | 0 | 4 | |a Kiều story. |
| 700 | 1 | |a Luu Quy Khuong, |c Assoc. Prof. Ph.D., |e Supervisor. | |
| OWN | |a LNN | ||
| 902 | |a lvths | ||
| AVA | |a UDN50 |b LNN |c Theses |d 420.4 VO-L |e available |t Error 5001 Not defined in file expand_doc_bib_avail. |f 1 |g 0 |h N |i 0 |j LA |k 1 | ||
| Z40 | 3 | |y A study of some linguistic features of expressions describing the villains in Kiều story and their |l Library of UFL |t VIEW |x http://catalog.udn.vn:80/F?func=service&doc_library=UDN01&local_base=UDN01&doc_number=000030654&sequence=000001&line_number=0001&func_code=DB_RECORDS&service_type=MEDIA |f SUMMARY_000008911.pdf |e pdf |s 000947808 |k 20200930 |m NTMTHI | |
| Z40 | 3 | |y A study of some linguistic features of expressions describing the villains in Kiều story and their |l Library of UFL |t VIEW |x http://catalog.udn.vn:80/F?func=service&doc_library=UDN01&local_base=UDN01&doc_number=000030654&sequence=000002&line_number=0002&func_code=DB_RECORDS&service_type=MEDIA |f LVANLIEN_000008913.pdf |e pdf |s 001230425 |k 20200930 |m NTMTHI | |
| 999 | |a From the UDN01 | ||
| AVA | |a UDN50 |b LNN |c Theses |d 420.4 VO-L |e available |t Error 5001 Not defined in file expand_doc_bib_avail. |f 1 |g 0 |h N |i 0 |j LA |k 1 | ||
| TYP | |a Printed language | ||
| 856 | |y A study of some linguistic features of expressions describing the villains in Kiều story and their |l Library of UFL |t VIEW |x http://catalog.udn.vn:80/F?func=service&doc_library=UDN01&local_base=UDN01&doc_number=000030654&sequence=000001&line_number=0001&func_code=DB_RECORDS&service_type=MEDIA |f SUMMARY_000008911.pdf |e pdf |s 000947808 |k 20200930 |m NTMTHI | ||
| 856 | |y A study of some linguistic features of expressions describing the villains in Kiều story and their |l Library of UFL |t VIEW |x http://catalog.udn.vn:80/F?func=service&doc_library=UDN01&local_base=UDN01&doc_number=000030654&sequence=000002&line_number=0002&func_code=DB_RECORDS&service_type=MEDIA |f LVANLIEN_000008913.pdf |e pdf |s 001230425 |k 20200930 |m NTMTHI | ||
| 980 | |a Mạng thư viện Đại học Đà Nẵng | ||